Το γυναικείο κίνημα
Αποθηκεύτηκε σε:
| Άλλοι συγγραφείς: | |
|---|---|
| Μορφή: | Βιβλίο |
| Γλώσσα: | Greek English |
| Δημοσίευση: |
Αθήνα :
Κύτταρο,
1975.
|
| Θέματα: | |
| Ετικέτες: |
Προσθήκη ετικέτας
Δεν υπάρχουν, Καταχωρήστε ετικέτα πρώτοι!
|
MARC
| LEADER | 00000cam a2200000 a 4500 | ||
|---|---|---|---|
| 001 | 1/116886 | ||
| 008 | 180625s1975####gr | ||| |||| ||gre|| | ||
| 040 | |a GR-MyUa |b gre |c GR-MyUa |e AACR2 | ||
| 041 | 1 | |a gre |h eng | |
| 082 | 7 | |a 305.4 |2 (23) | |
| 245 | 0 | 3 | |a Το γυναικείο κίνημα / |c Μύρνα Γούντ ... [κ. ά.] |
| 260 | |a Αθήνα : |b Κύτταρο, |c 1975. | ||
| 300 | |a 160 σ. ; |c 21 εκ. | ||
| 505 | 8 | |a Ψωμί και τριαντάφυλλα. Για την πολιτική οικονομία του γυναικείου κινήματος. Η ιστορία της καθημερινής ζωής της γυναίκας. Γυναίκες-μια επανάσταση πουχει αρχίσει αιώνες τώρα. Ο μύθος για την κατωτερότητα των γυναικών. | |
| 650 | 0 | |a Women |x Social conditions. | |
| 650 | 0 | |a Women's rights. | |
| 650 | 0 | |a Feminism. | |
| 700 | 1 | |a Wood, Myrna. | |
| 852 | |a INST |b LESVOS |e 20180625 |h 305.4 ΓΥΝ |p 005100060521 |q 005100060521 |t BK |y 0 | ||
| 970 | |a Τζαφέρη |b Ευαγγελία |z 25-06-2018 | ||